| 000 | 00702nas a2200265 4500 | ||
|---|---|---|---|
| 001 | BR8404895 | ||
| 003 | BR-BrBNA | ||
| 005 | 20231205090011.0 | ||
| 007 | ta | ||
| 008 | 230509b bl.|||p| |||| 00| 00por d | ||
| 040 |
_aBR-BrBNA _bpor _cBiblioteca Nacional de Agricultura |
||
| 041 | _a(Pt) | ||
| 072 | _aF01 | ||
| 100 | 1 | _aZagatto, L.C.A.G. | |
| 100 | 1 | _aCarvalho, F.C. de | |
| 245 | 1 | _aCultura atraente [algodao] | |
| 650 | _aALGODAO | ||
| 650 | _aPLANTIO | ||
| 650 | _aSAFRA | ||
| 650 | _aRENTABILIDADE | ||
| 650 | _aCUSTO | ||
| 773 | 0 |
_tGranja (Brazil) _xISSN 0367-505X _g(Dec 1984), v. 40(443) p. 82-87 _wBR8404895 |
|
| 909 |
_a202311 _bLúcia _c55 _dLúcia Elande |
||
| 942 |
_2AGRIS _n0 _cANA |
||
| 999 |
_c115413 _d115413 |
||